| 000 | 00946cam a2200313 4500 | ||
|---|---|---|---|
| 001 | a45287 | ||
| 003 | DO-SdBNP | ||
| 005 | 20171110095752.0 | ||
| 007 | a45287 | ||
| 008 | 090520s2005 sp a | |||| 001 0 spa | ||
| 015 | _a | ||
| 017 |
_a _b |
||
| 020 | _a978770053X | ||
| 035 | _a | ||
| 040 |
_aBPMSU _bspa _cBPMSU _e |
||
| 080 | _a | ||
| 082 | 4 |
_a615.778 _bK16t |
|
| 100 | 1 |
_a Kane, Michael A. C. _d |
|
| 245 | 1 | 3 |
_aTodo sobre bótox : _h _bun experto explica lo que usted necesita saber sobre el maravilloso procedimiento qu elimina las arrugas y le brinda una apariencia juvenil / _c Michael A. C. Kane |
| 250 | _a | ||
| 260 |
_aMadrid : _bAguilar _c2005 |
||
| 300 |
_a 266 p. ; _bil. : _c23 cm |
||
| 500 | _a | ||
| 650 | 4 |
_aTOXINAS BOTULINICAS _xUSO TERAPÉUTICO |
|
| 910 | _aValidado. Control de calidad MFF | ||
| 942 |
_2ddc _cBK |
||
| 945 | _aInventariado, 2017/MFF | ||
| 956 |
_aVMATEO _b10 _c20160714 _dBPMSU _f00069 |
||
| 999 |
_c10882 _d10882 |
||